000 00931nam a22002531u 4500
001 12313
003 HDC
007 cr bn ---
008 210209p2004 my eng
040 _aHDC
100 _aOng, Hwee Keng,
_eauthor
_912866
245 0 _aEfficiencies of solid-liquid separators applied to pig farm slurry /
_cby Ong Hwee Keng, Choo Pow Yoon and Suhaimi Masduki
260 _aSerdang :
_bMalaysian Agricultural Research and Development Institute (MARDI),
_c2004
300 _a1 page
336 _atext
_2rdacontent
337 _acomputer
_2rdamedia
338 _aonline resource
_2rdacarrier
650 _aPig slurry
_912868
650 _aSolid-liquid separators
_912867
856 _zRequest full-text at [email protected]
942 _2lcc
942 _cAR
942 _kJART 003090
999 _c9636
_d9636